[Event "FBL 1"]
[Site "Deutschland"]
[Date "2012.10.06"]
[Round "1.1"]
[White "Gaponenko, Inna"]
[Black "Schneider, Veronika"]
[Result "0-1"]
[WhiteElo "2404"]
[BlackElo "2313"]
[PlyCount "202"]
[EventDate "2012.10.06"]
[WhiteTeam "Schachverein Muelheim Nord 1931"]
[BlackTeam "Hamburger SK von 1830"]
[WhiteTeamCountry "GER"]
[BlackTeamCountry "GER"]

1. e4 c5 2. Nf3 e6 3. d4 cxd4 4. Nxd4 a6 5. Bd3 Nf6 6. O-O Qc7 7. f4 Bc5 8. c3
d6 9. Kh1 Nbd7 10. Nc2 Ba7 11. b4 b5 12. a4 bxa4 13. Qe2 Bb7 14. c4 a5 15. Nc3
axb4 16. Nb5 Qb8 17. Nxb4 Bc5 18. Na2 O-O 19. Nac3 Bc6 20. Rxa4 Rxa4 21. Nxa4
Qa8 22. Nac3 Bb4 23. Bb2 Bxc3 24. Bxc3 Bxe4 25. Nxd6 Bxd3 26. Qxd3 Qc6 27. Rd1
Rd8 28. Qg3 Nh5 29. Qg5 Ndf6 30. c5 h6 31. Qe5 Qe4 32. Re1 Qxf4 33. Qxf4 Nxf4
34. Rf1 N4d5 35. Bd4 Rd7 36. Ra1 Nb4 37. Ra8+ Kh7 38. Bg1 Nfd5 39. h3 Kg6 40.
Kh2 Nc6 41. Rf8 Ra7 42. Bf2 f6 43. Re8 e5 44. Nc8 Ra2 45. Kg1 Nf4 46. Nd6 Rc2
47. Rc8 Nb4 48. Ne4 f5 49. Nd6 Nfd3 50. Bh4 Rc1+ 51. Kh2 Nxc5 52. Re8 Nc6 53.
Rf8 f4 54. Rc8 Ne6 55. Re8 Ncd4 56. Nc8 Rc2 57. Kg1 e4 58. Nd6 e3 59. Re7 Rc1+
60. Kh2 e2 61. Nb5 f3 62. Nxd4 Nxd4 63. Re4 Nc2 64. gxf3 e1=Q 65. Bxe1 Rxe1 66.
Rc4 Ne3 67. Rc6+ Kh7 68. Kg3 Nd5 69. Rd6 Nf6 70. Ra6 Rg1+ 71. Kh2 Rg5 72. Ra4
Kg6 73. Rc4 Ra5 74. Rb4 Kf5 75. h4 g6 76. Kg3 Nh5+ 77. Kh3 Nf4+ 78. Kg3 Nd5 79.
Rb8 h5 80. Rb7 Ra4 81. Rb8 Ke6 82. Rb5 Ne7 83. Rb6+ Kf7 84. Rb7 Rc4 85. Ra7 Kf6
86. Ra6+ Rc6 87. Ra4 Nf5+ 88. Kh3 Rd6 89. Rb4 Rd4 90. Rb6+ Kg7 91. Rb7+ Kh6 92.
Ra7 Rxh4+ 93. Kg2 Kg5 94. Ra6 Rb4 95. Ra3 Kf4 96. Kh3 g5 97. Rc3 Nh4 98. Rc8
Rb3 99. Rc4+ Kxf3 100. Rc2 Kf4+ 101. Kh2 Nf3+ 0-1

[Event "FBL 1"]
[Site "Deutschland"]
[Date "2012.10.06"]
[Round "1.3"]
[White "Zozulia, Anna"]
[Black "Fuchs, Judith"]
[Result "1/2-1/2"]
[WhiteElo "2346"]
[BlackElo "2292"]
[PlyCount "118"]
[EventDate "2012.10.06"]
[WhiteTeam "Schachverein Muelheim Nord 1931"]
[BlackTeam "Hamburger SK von 1830"]
[WhiteTeamCountry "GER"]
[BlackTeamCountry "GER"]

1. e4 c6 2. d4 d5 3. Nc3 dxe4 4. Nxe4 Bf5 5. Ng3 Bg6 6. h4 h6 7. Nf3 Nd7 8. h5
Bh7 9. Bd3 Bxd3 10. Qxd3 Qc7 11. Bd2 e6 12. O-O-O Ngf6 13. Kb1 O-O-O 14. Ne4
Nxe4 15. Qxe4 Nf6 16. Qe2 Rd5 17. c4 Rxh5 18. Rxh5 Nxh5 19. d5 Bd6 20. dxe6 Re8
21. c5 Bf8 22. Ne5 Nf6 23. Bf4 Rxe6 24. Qd2 Nd5 25. Nxc6 Qxc6 26. Qxd5 Qxd5 27.
Rxd5 Re1+ 28. Bc1 Be7 29. Rf5 Bg5 30. f4 Bf6 31. Rd5 Kc7 32. g4 Kc6 33. Rf5 Bd4
34. Kc2 f6 35. Rh5 Bxc5 36. g5 hxg5 37. fxg5 fxg5 38. Rh7 Bd4 39. Bxg5 Rg1 40.
Bc1 Rg2+ 41. Kb3 Bf6 42. Rh5 b5 43. Rf5 a6 44. Rh5 g6 45. Rh7 Bd4 46. Re7 a5
47. a4 Rg3+ 48. Kc2 bxa4 49. Re6+ Kb5 50. Re8 g5 51. Rg8 g4 52. Bd2 Rg2 53. Kd3
Bf6 54. Ra8 Kb6 55. Be3+ Kb7 56. Rxa5 Rxb2 57. Rxa4 Rb3+ 58. Ke2 Rb2+ 59. Kd3
Rb3+ 1/2-1/2

[Event "FBL 1"]
[Site "Deutschland"]
[Date "2012.10.06"]
[Round "1.4"]
[White "Juergens, Vera"]
[Black "Kalinina, Olga"]
[Result "0-1"]
[WhiteElo "2288"]
[BlackElo "2259"]
[PlyCount "134"]
[EventDate "2012.10.06"]
[WhiteTeam "Hamburger SK von 1830"]
[BlackTeam "Schachverein Muelheim Nord 1931"]
[WhiteTeamCountry "GER"]
[BlackTeamCountry "GER"]

1. Nf3 d6 2. d4 Bg4 3. e4 Nf6 4. Nc3 c6 5. a4 e6 6. Be2 d5 7. Bg5 Be7 8. Bxf6
Bxf6 9. e5 Be7 10. O-O O-O 11. Ne1 Bxe2 12. Nxe2 c5 13. c3 Nc6 14. f4 cxd4 15.
cxd4 Qb6 16. Rf3 f5 17. Rb3 Qc7 18. Rc1 Qd7 19. Nd3 Na5 20. Rbc3 Rfc8 21. Nc5
Bxc5 22. dxc5 b6 23. b4 Nc6 24. b5 Na5 25. c6 Qe7 26. Nd4 Nc4 27. Nxf5 Qf8 28.
Rxc4 dxc4 29. Nd6 Qxf4 30. Nxc8 Rxc8 31. c7 Rf8 32. h3 Qe3+ 33. Kh1 c3 34. Rc2
Qxe5 35. Qd8 Qc5 36. Kh2 h6 37. h4 e5 38. Qd7 e4 39. Qe6+ Kh8 40. Qc6 Qxc6 41.
bxc6 e3 42. Rxc3 e2 43. Re3 Rc8 44. Rxe2 Rxc7 45. Re6 Kg8 46. h5 Kf7 47. Rg6
Ke8 48. Kg3 Kd8 49. Kf4 Re7 50. Kf5 a6 51. Rg3 Kc7 52. Rc3 b5 53. axb5 axb5 54.
g4 Kb6 55. c7 Rxc7 56. Rxc7 Kxc7 57. Kg6 b4 58. Kxg7 b3 59. Kxh6 b2 60. g5 b1=Q
61. g6 Qb3 62. Kh7 Qd3 63. h6 Kd7 64. Kg7 Ke7 65. h7 Qd4+ 66. Kh6 Kf8 67. Kg5
Kg7 0-1

[Event "FBL 1"]
[Site "Deutschland"]
[Date "2012.10.06"]
[Round "1.5"]
[White "Voyska, Margarita"]
[Black "Schmidt, Jade"]
[Result "1-0"]
[WhiteElo "2284"]
[BlackElo "2114"]
[PlyCount "135"]
[EventDate "2012.10.06"]
[WhiteTeam "Schachverein Muelheim Nord 1931"]
[BlackTeam "Hamburger SK von 1830"]
[WhiteTeamCountry "GER"]
[BlackTeamCountry "GER"]

1. Nf3 d5 2. e3 Nf6 3. c4 c6 4. Nc3 e6 5. b3 Nbd7 6. Bb2 Bd6 7. Qc2 Qe7 8. Be2
O-O 9. O-O a6 10. d4 dxc4 11. Bxc4 b5 12. Bd3 h6 13. Ne4 Nxe4 14. Bxe4 Bb7 15.
Ne5 Rac8 16. Bf3 Rfd8 17. Rfc1 Nb8 18. Nd3 Qc7 19. g3 Nd7 20. Nc5 Nb8 21. a4
Qb6 22. Ba3 b4 23. a5 Qa7 24. Bxb4 Ba8 25. Qe4 Bf8 26. Be2 Nd7 27. Ba3 Nf6 28.
Qd3 Bb7 29. Nxb7 Qxb7 30. Bxf8 Kxf8 31. Qxa6 Qxb3 32. Rxc6 Rxc6 33. Qxc6 Qb2
34. Re1 Qd2 35. Qc5+ Kg8 36. Kf1 Rd5 37. Qc8+ Kh7 38. a6 Ra5 39. Qc1 Qa2 40.
Qb1+ g6 41. Qxa2 Rxa2 42. Bc4 Ra4 43. Rc1 Ne4 44. Ke2 Nd6 45. Bd3 Kg7 46. Rc6
Ne8 47. Rc8 Nf6 48. Rc7 Nd5 49. Rb7 Nb4 50. Bc4 Nd5 51. Bxd5 exd5 52. a7 Kf6
53. h4 h5 54. Kf3 Ke6 55. Kf4 Ra2 56. f3 Ra5 57. g4 hxg4 58. fxg4 Kf6 59. e4
dxe4 60. Kxe4 Ke6 61. Kf4 Ra4 62. Kg5 Ra5+ 63. Kh6 Ra1 64. d5+ Kxd5 65. Rxf7
Ra6 66. g5 Ke4 67. Rf6 Rxa7 68. Kxg6 1-0

[Event "FBL 1"]
[Site "Deutschland"]
[Date "2012.10.06"]
[Round "1.1"]
[White "Foisor, Cristina Adela"]
[Black "Wagener, Anna"]
[Result "1-0"]
[WhiteElo "2398"]
[BlackElo "2254"]
[PlyCount "53"]
[EventDate "2012.10.06"]
[WhiteTeam "SF Deizisau"]
[BlackTeam "Karlsruher SF 1853"]
[WhiteTeamCountry "GER"]
[BlackTeamCountry "GER"]

1. Nf3 f5 2. c4 Nf6 3. g3 g6 4. Bg2 Bg7 5. O-O O-O 6. d4 d6 7. Nc3 Qe8 8. d5 a5
9. Nd4 Na6 10. b3 Nc5 11. Rb1 Bd7 12. Bb2 g5 13. e3 Qg6 14. f4 Ng4 15. Qd2 Qh5
16. Bf3 gxf4 17. Bxg4 fxg4 18. exf4 e5 19. dxe6 Nxe6 20. Nd5 Qf7 21. Rbe1 Rfe8
22. f5 Nxd4 23. Bxd4 Rxe1 24. Rxe1 Re8 25. Rxe8+ Qxe8 26. Bxg7 Kxg7 27. Qg5+
1-0

[Event "FBL 1"]
[Site "Deutschland"]
[Date "2012.10.06"]
[Round "1.3"]
[White "Manakov, Marina"]
[Black "Mader, Manuela"]
[Result "1/2-1/2"]
[WhiteElo "2294"]
[BlackElo "2222"]
[PlyCount "87"]
[EventDate "2012.10.06"]
[WhiteTeam "SF Deizisau"]
[BlackTeam "Karlsruher SF 1853"]
[WhiteTeamCountry "GER"]
[BlackTeamCountry "GER"]

1. d4 Nf6 2. Nf3 g6 3. Bf4 Bg7 4. e3 d6 5. Be2 h6 6. h3 O-O 7. O-O Nfd7 8. Bh2
a6 9. c4 e5 10. Nc3 Nc6 11. Rc1 Re8 12. a3 exd4 13. exd4 Nf6 14. b4 Ne4 15.
Nxe4 Rxe4 16. Bd3 Re8 17. Bb1 Ne7 18. Re1 Bd7 19. Qd2 Nf5 20. Rxe8+ Qxe8 21.
Re1 Qd8 22. Be4 Rb8 23. c5 Qf6 24. cxd6 Nxd6 25. Bd5 Bf8 26. Be5 Qd8 27. Qa2
Be8 28. Qc2 Kh7 29. h4 f6 30. Bg3 Kg7 31. h5 g5 32. Rxe8 Qxe8 33. Qxc7+ Kh8 34.
Bxd6 Rc8 35. Qb6 g4 36. Ne5 Rc1+ 37. Kh2 Qxh5+ 38. Kg3 Rc3+ 39. f3 gxf3 40.
Bxf3 Qg5+ 41. Kh3 Qh5+ 42. Kg3 Qg5+ 43. Kh3 Qh5+ 44. Kg3 1/2-1/2

[Event "FBL 1"]
[Site "Deutschland"]
[Date "2012.10.06"]
[Round "1.4"]
[White "Heinatz, Gundula"]
[Black "Klek, Hanna Marie"]
[Result "1/2-1/2"]
[WhiteElo "2197"]
[BlackElo "2214"]
[PlyCount "49"]
[EventDate "2012.10.06"]
[WhiteTeam "Karlsruher SF 1853"]
[BlackTeam "SF Deizisau"]
[WhiteTeamCountry "GER"]
[BlackTeamCountry "GER"]

1. d4 d5 2. Nf3 Nf6 3. c4 e6 4. g3 Bb4+ 5. Bd2 Bd6 6. Bg2 c6 7. Qc2 Nbd7 8. O-O
O-O 9. Rd1 Qe7 10. Bf4 Bxf4 11. gxf4 b6 12. Ne5 Bb7 13. Nc3 Rfc8 14. e3 Nf8 15.
Qb3 Rab8 16. a4 dxc4 17. Qxc4 c5 18. d5 exd5 19. Nxd5 Nxd5 20. Bxd5 Bxd5 21.
Rxd5 Ng6 22. Rad1 Nxe5 23. Rxe5 Qf6 24. Rd7 Rf8 25. b3 1/2-1/2

[Event "FBL 1"]
[Site "Deutschland"]
[Date "2012.10.06"]
[Round "1.5"]
[White "Foisor, Mihaela Veronica"]
[Black "Lauterbach, Ingrid"]
[Result "1-0"]
[WhiteElo "2217"]
[BlackElo "2143"]
[PlyCount "73"]
[EventDate "2012.10.06"]
[WhiteTeam "SF Deizisau"]
[BlackTeam "Karlsruher SF 1853"]
[WhiteTeamCountry "GER"]
[BlackTeamCountry "GER"]

1. d4 d6 2. Nf3 g6 3. c4 Bg7 4. Nc3 Nd7 5. e4 e5 6. Be2 Ne7 7. Be3 O-O 8. Qb3
exd4 9. Bxd4 Ne5 10. Nxe5 dxe5 11. Bc5 b6 12. Rd1 Qe8 13. Be3 c6 14. O-O Be6
15. a4 Rd8 16. a5 Rxd1 17. Rxd1 Qb8 18. axb6 axb6 19. Qxb6 Qxb6 20. Bxb6 Rb8
21. Bc5 Bf8 22. b4 f6 23. h4 Kf7 24. b5 cxb5 25. cxb5 Rc8 26. Bb4 Rb8 27. h5 f5
28. Bd6 Rc8 29. Bxe5 Bb3 30. Rb1 Ke6 31. f4 Bc2 32. Rb2 Bxe4 33. Nxe4 fxe4 34.
b6 Rc1+ 35. Kh2 Nc6 36. b7 Ba3 37. Rb6 1-0

[Event "FBL 1"]
[Site "Deutschland"]
[Date "2012.10.06"]
[Round "1.6"]
[White "Brendel, Bergit"]
[Black "Gabriel, Marina"]
[Result "0-1"]
[WhiteElo "2094"]
[BlackElo "1991"]
[PlyCount "44"]
[EventDate "2012.10.06"]
[WhiteTeam "Karlsruher SF 1853"]
[BlackTeam "SF Deizisau"]
[WhiteTeamCountry "GER"]
[BlackTeamCountry "GER"]

1. e4 d5 2. exd5 Qxd5 3. Nf3 Nf6 4. d4 e6 5. c4 Bb4+ 6. Bd2 Bxd2+ 7. Qxd2 Qd6
8. Nc3 a6 9. Be2 Nc6 10. Qg5 O-O 11. O-O-O Ne7 12. h3 b6 13. Ne5 Bb7 14. Ng4
Nxg4 15. hxg4 Bxg2 16. c5 Qc6 17. Rh2 Ng6 18. Bd3 h6 19. Qe3 Qf3 20. Bxg6 fxg6
21. Qxe6+ Kh7 22. g5 Qf4+ 0-1

[Event "FBL 1"]
[Site "Deutschland"]
[Date "2012.10.06"]
[Round "1.1"]
[White "Ohme, Melanie"]
[Black "Zatonskih, Anna"]
[Result "0-1"]
[WhiteElo "2337"]
[BlackElo "2512"]
[PlyCount "74"]
[EventDate "2012.10.06"]
[WhiteTeam "SF 1891 Friedberg"]
[BlackTeam "OSG Baden Baden"]
[WhiteTeamCountry "GER"]
[BlackTeamCountry "GER"]

1. e4 e6 2. d4 d5 3. Nc3 dxe4 4. Nxe4 Nd7 5. Bd3 Ngf6 6. Qe2 c5 7. Nxf6+ Nxf6
8. dxc5 Bxc5 9. Be3 Bxe3 10. Qxe3 Qa5+ 11. c3 O-O 12. Nf3 e5 13. Bc4 Bd7 14.
O-O Rae8 15. h3 Re7 16. Rad1 Qc7 17. Bb3 a6 18. Rfe1 Rfe8 19. Rd2 Bc6 20. Nh4
Bd7 21. Qg5 h6 22. Qg3 Kh8 23. Bc2 Nh5 24. Qe3 e4 25. Rd4 Nf6 26. Red1 Qa5 27.
g4 Qxa2 28. Rd6 Qxb2 29. R1d2 Re6 30. Nf5 Rxd6 31. Nxd6 Re7 32. Kh2 Qa2 33.
Nxb7 Qe6 34. Nc5 Qe5+ 35. f4 exf3+ 36. Qxe5 Rxe5 37. Nxd7 Re2+ 0-1

[Event "FBL 1"]
[Site "Deutschland"]
[Date "2012.10.06"]
[Round "1.2"]
[White "Kachiani Gersinska, Ketino"]
[Black "Levushkina, Elena"]
[Result "0-1"]
[WhiteElo "2366"]
[BlackElo "2301"]
[PlyCount "96"]
[EventDate "2012.10.06"]
[WhiteTeam "OSG Baden Baden"]
[BlackTeam "SF 1891 Friedberg"]
[WhiteTeamCountry "GER"]
[BlackTeamCountry "GER"]

1. d4 Nf6 2. c4 e6 3. g3 d5 4. Nf3 Bb4+ 5. Bd2 Be7 6. Bg2 c6 7. Qc2 b6 8. b3
O-O 9. O-O Ba6 10. Rd1 Nbd7 11. a4 Bd6 12. Be1 Qe7 13. Nbd2 Bb7 14. a5 c5 15.
a6 Bc6 16. cxd5 exd5 17. dxc5 bxc5 18. Nd4 cxd4 19. Qxc6 Nc5 20. b4 Rfc8 21.
Qxa8 Rxa8 22. bxc5 Bxc5 23. Nb3 Rb8 24. Rab1 h5 25. Bf3 Rb6 26. Nxc5 Qxc5 27.
Rxb6 Qxb6 28. Ra1 Qb2 29. Rd1 Qa3 30. Bd2 Qxa6 31. Bf4 Qa4 32. Rd3 Ne4 33. Be5
h4 34. gxh4 a5 35. Bxd4 Qc6 36. Rd1 a4 37. Bxe4 dxe4 38. Ra1 Kh7 39. e3 Qc4 40.
h5 Kh6 41. Kg2 f6 42. Kh3 Kxh5 43. Kg2 Qe2 44. Rc1 Qf3+ 45. Kg1 Kh4 46. Bb2 Qe2
47. Ba3 Kh3 48. Bf8 Qf3 0-1

[Event "FBL 1"]
[Site "Deutschland"]
[Date "2012.10.06"]
[Round "1.4"]
[White "Arakhamia Grant, Ketevan"]
[Black "Bulmaga, Irina"]
[Result "1/2-1/2"]
[WhiteElo "2421"]
[BlackElo "2386"]
[PlyCount "104"]
[EventDate "2012.10.06"]
[WhiteTeam "OSG Baden Baden"]
[BlackTeam "SF 1891 Friedberg"]
[WhiteTeamCountry "GER"]
[BlackTeamCountry "GER"]

1. e4 c5 2. Nf3 d6 3. d4 cxd4 4. Nxd4 Nf6 5. Nc3 a6 6. Be3 e5 7. Nb3 Be6 8. h3
Nbd7 9. g4 h6 10. Qd2 Rc8 11. O-O-O b5 12. f4 Qc7 13. Rh2 Bc4 14. Nd5 Nxd5 15.
exd5 Bxf1 16. Rxf1 Qc4 17. Re1 Be7 18. Kb1 Nf6 19. fxe5 Ne4 20. Qd3 Bh4 21. Rd1
dxe5 22. Bd4 O-O 23. Qxe4 exd4 24. Qxd4 Rfd8 25. c3 Bf6 26. Qxc4 bxc4 27. Nc1
Rd6 28. Rhd2 h5 29. Ne2 hxg4 30. hxg4 Be5 31. Kc2 g5 32. Ng1 Bf4 33. Rd4 Be3
34. Re4 Bxg1 35. Rxg1 Rxd5 36. Rge1 Kg7 37. Re5 Rxe5 38. Rxe5 f6 39. Ra5 Re8
40. Rxa6 Re2+ 41. Kc1 Rg2 42. b4 cxb3 43. axb3 Rxg4 44. b4 Re4 45. Kd2 g4 46.
b5 g3 47. Ra1 f5 48. b6 g2 49. Rg1 Re6 50. Rxg2+ Kf7 51. b7 Rb6 52. Ke3 Rxb7
1/2-1/2

[Event "FBL 1"]
[Site "Deutschland"]
[Date "2012.10.06"]
[Round "1.5"]
[White "Daulyte, Deimante"]
[Black "Sedina, Elena"]
[Result "1-0"]
[WhiteElo "2216"]
[BlackElo "2340"]
[PlyCount "93"]
[EventDate "2012.10.06"]
[WhiteTeam "SF 1891 Friedberg"]
[BlackTeam "OSG Baden Baden"]
[WhiteTeamCountry "GER"]
[BlackTeamCountry "GER"]

1. e4 e6 2. d4 d5 3. Nc3 Nf6 4. Bg5 Be7 5. e5 Nfd7 6. Bxe7 Qxe7 7. f4 a6 8. Nf3
c5 9. Qd2 Nc6 10. dxc5 Nxc5 11. Be2 O-O 12. Qe3 b5 13. a3 Bb7 14. O-O f5 15.
exf6 Rxf6 16. b4 Nd7 17. Bd3 h6 18. Rae1 Qd6 19. Ne2 Raf8 20. Ned4 Nxd4 21.
Nxd4 Re8 22. Bf5 Nf8 23. Bg4 Bc8 24. g3 Bd7 25. Rf2 Rc8 26. Rfe2 Qb6 27. Rd2
Qc7 28. Nb3 Qc3 29. Rd3 Qc7 30. Nc5 Ra8 31. Qd4 Qd6 32. Ne4 e5 33. Nxf6+ gxf6
34. fxe5 fxe5 35. Rxe5 Bxg4 36. Qxg4+ Kh7 37. Qf5+ Kh8 38. Rdxd5 Qb6+ 39. Qf2
Qg6 40. Qd4 Kg8 41. Rd6 Qxc2 42. Qd5+ Kh8 43. Qxa8 Qb1+ 44. Kg2 Qb2+ 45. Kh3
Qf2 46. Qe4 Qf1+ 47. Kg4 1-0

[Event "FBL 1"]
[Site "Deutschland"]
[Date "2012.10.06"]
[Round "1.6"]
[White "Tammert, Iamze"]
[Black "Genova, Lyubka"]
[Result "1-0"]
[WhiteElo "2305"]
[BlackElo "2276"]
[PlyCount "99"]
[EventDate "2012.10.06"]
[WhiteTeam "OSG Baden Baden"]
[BlackTeam "SF 1891 Friedberg"]
[WhiteTeamCountry "GER"]
[BlackTeamCountry "GER"]

1. c4 c5 2. Nc3 Nc6 3. g3 g6 4. Bg2 Bg7 5. Nf3 e5 6. d3 d6 7. Nd5 h6 8. O-O
Nge7 9. Nd2 O-O 10. Rb1 Rb8 11. Nxe7+ Qxe7 12. a3 Bd7 13. Ne4 b5 14. cxb5 Rxb5
15. Nc3 Rbb8 16. Nd5 Qd8 17. b4 cxb4 18. axb4 Rb5 19. Bd2 Nd4 20. e3 Nc6 21.
Qa4 Qb8 22. Rfc1 e4 23. Bxe4 f5 24. Bg2 Ne5 25. Qa3 Kh7 26. d4 Nf7 27. Nc7 Rb6
28. Ra1 a6 29. Nd5 Rb5 30. Qxa6 Ng5 31. Qa7 Ne4 32. Qxd7 Rxd5 33. Rc7 Rg8 34.
Be1 Rb5 35. Raa7 Nf6 36. Qf7 Ne4 37. Bf1 Rxb4 38. Bxb4 Qxb4 39. Qc4 Qe1 40. Qe2
Qb1 41. Kg2 Kh8 42. Qc2 Qe1 43. Bc4 Nd2 44. Ra2 Nxc4 45. Qxc4 f4 46. Rc8 Bf8
47. Qf7 Qb1 48. Rxf8 f3+ 49. Kxf3 Qh1+ 50. Ke2 1-0

[Event "FBL 1"]
[Site "Deutschland"]
[Date "2012.10.06"]
[Round "1.1"]
[White "Bodnaruk, Anastasia"]
[Black "Voicu Jagodzinsky, Carmen"]
[Result "1-0"]
[WhiteElo "2421"]
[BlackElo "2292"]
[PlyCount "91"]
[EventDate "2012.10.06"]
[WhiteTeam "Rodewischer Schachmiezen"]
[BlackTeam "SK Grosslehna"]
[WhiteTeamCountry "GER"]
[BlackTeamCountry "GER"]

1. e4 c5 2. Nf3 e6 3. Nc3 a6 4. g3 Nc6 5. Bg2 d6 6. O-O Be7 7. d4 cxd4 8. Nxd4
Bd7 9. Nxc6 Bxc6 10. Qg4 h5 11. Qe2 h4 12. a4 Nf6 13. a5 Kf8 14. b3 Rc8 15. Bb2
Qc7 16. Rfd1 Bd7 17. Rd4 hxg3 18. hxg3 Qc5 19. Rc4 Qg5 20. e5 dxe5 21. Rxc8+
Bxc8 22. Qc4 Bd7 23. Bxb7 e4 24. Nxe4 Qh5 25. Nxf6 Qh2+ 26. Kf1 gxf6 27. Qd3
Be8 28. Bf3 Qh3+ 29. Ke2 Bb5 30. c4 Be8 31. Qe4 Qh6 32. Rh1 Qg7 33. Rxh8+ Qxh8
34. Bc3 e5 35. b4 Qh6 36. Bd2 Qh8 37. Qf5 Kg7 38. Kf1 Ba4 39. Qg4+ Kf8 40. b5
Bb3 41. Bd5 Qh7 42. Kg2 Qd3 43. Bh6+ Ke8 44. Qc8+ Bd8 45. Qc6+ Ke7 46. Qb7+ 1-0

[Event "FBL 1"]
[Site "Deutschland"]
[Date "2012.10.06"]
[Round "1.2"]
[White "Havlikova, Kristyna"]
[Black "Pokorna, Regina"]
[Result "1/2-1/2"]
[WhiteElo "2293"]
[BlackElo "2353"]
[PlyCount "73"]
[EventDate "2012.10.06"]
[WhiteTeam "SK Grosslehna"]
[BlackTeam "Rodewischer Schachmiezen"]
[WhiteTeamCountry "GER"]
[BlackTeamCountry "GER"]

1. e4 e5 2. Nf3 Nc6 3. Bb5 a6 4. Ba4 Nf6 5. O-O Be7 6. Re1 b5 7. Bb3 O-O 8. a4
b4 9. d3 d6 10. Nbd2 h6 11. a5 Rb8 12. Nc4 Bg4 13. Be3 Qc8 14. h3 Bh5 15. Ncd2
Nd8 16. Nf1 Nh7 17. Ng3 Bg6 18. d4 Bf6 19. dxe5 dxe5 20. Ba7 Rb7 21. Bc5 Re8
22. Ra4 Ne6 23. Bxe6 Qxe6 24. Rxb4 Rxb4 25. Bxb4 Nf8 26. Qe2 Qc6 27. Bc3 Nd7
28. Nh2 Bg5 29. Ng4 Bf4 30. Qf3 Nc5 31. Nf5 h5 32. Nge3 Qxe4 33. Qxe4 Nxe4 34.
Nh4 Nxc3 35. Nxg6 Na4 36. Ra1 Nc3 37. Re1 1/2-1/2

[Event "FBL 1"]
[Site "Deutschland"]
[Date "2012.10.06"]
[Round "1.3"]
[White "Rudolf, Anna"]
[Black "Olsarova, Karolina"]
[Result "1/2-1/2"]
[WhiteElo "2306"]
[BlackElo "2253"]
[PlyCount "106"]
[EventDate "2012.10.06"]
[WhiteTeam "Rodewischer Schachmiezen"]
[BlackTeam "SK Grosslehna"]
[WhiteTeamCountry "GER"]
[BlackTeamCountry "GER"]

1. e4 e5 2. Nf3 Nc6 3. Bb5 Nf6 4. d3 Bc5 5. Bxc6 dxc6 6. O-O Bg4 7. h3 Bxf3 8.
Qxf3 Nd7 9. Nd2 Qe7 10. Nc4 O-O-O 11. c3 Kb8 12. b4 Bb6 13. a4 a6 14. Be3 Bxe3
15. Qxe3 Nb6 16. Na5 f5 17. Rfd1 f4 18. Qc5 Rhe8 19. f3 Rd6 20. Rd2 Qd7 21. d4
g5 22. Nb3 Qf7 23. dxe5 Nd7 24. Qf2 Nxe5 25. Rxd6 cxd6 26. Nd2 h5 27. Qd4 Qe6
28. b5 c5 29. Qd5 Qxd5 30. exd5 g4 31. hxg4 hxg4 32. fxg4 Nxg4 33. Rf1 Ne3 34.
Rxf4 Nxd5 35. Rf3 Re2 36. Nc4 axb5 37. axb5 Rc2 38. b6 Kc8 39. Nxd6+ Kd7 40.
Nxb7 Kc6 41. c4 Kxb7 42. cxd5 Kxb6 43. Rd3 Kc7 44. d6+ Kd7 45. Kf1 Ra2 46. g4
c4 47. Rd1 c3 48. Rc1 c2 49. Ke2 Kxd6 50. Kd3 Ke5 51. g5 Kf5 52. Rxc2 Rxc2 53.
Kxc2 Kxg5 1/2-1/2

[Event "FBL 1"]
[Site "Deutschland"]
[Date "2012.10.06"]
[Round "1.4"]
[White "Von Wantoch Rekowski, Danijela"]
[Black "Korenova, Martina"]
[Result "1-0"]
[WhiteElo "2245"]
[BlackElo "2214"]
[PlyCount "163"]
[EventDate "2012.10.06"]
[WhiteTeam "SK Grosslehna"]
[BlackTeam "Rodewischer Schachmiezen"]
[WhiteTeamCountry "GER"]
[BlackTeamCountry "GER"]

1. Nf3 Nf6 2. d4 g6 3. c4 Bg7 4. Nc3 d6 5. e4 O-O 6. Be2 e5 7. dxe5 dxe5 8. O-O
c6 9. Qc2 Nbd7 10. h3 Re8 11. Be3 Qe7 12. Rfd1 Nc5 13. b4 Ne6 14. c5 a5 15. a3
axb4 16. axb4 Rxa1 17. Rxa1 Nh5 18. Rd1 Nhf4 19. Bf1 Qf6 20. Nh2 Nd4 21. Qc1 g5
22. Ng4 Qg6 23. Nxe5 Bxe5 24. Bxd4 Bc7 25. f3 h5 26. Be3 Be6 27. h4 Be5 28. Bd4
Qg7 29. Bxe5 Qxe5 30. Ne2 Nxe2+ 31. Bxe2 gxh4 32. Qe3 Qg3 33. Qf2 Qf4 34. Bf1
Ra8 35. Qd2 Qf6 36. f4 Bg4 37. Rb1 Rd8 38. Qe3 Qd4 39. Kf2 Qd7 40. Rb2 Qe6 41.
Bd3 Qd7 42. Bb1 h3 43. gxh3 Bxh3 44. f5 Qd4 45. Qxd4 Rxd4 46. Ke3 Rd7 47. Bd3
Bg4 48. Bc4 Kg7 49. b5 cxb5 50. Rxb5 Kf6 51. Kf4 Bxf5 52. c6 bxc6 53. Rxf5+ Kg6
54. Be2 h4 55. Rg5+ Kf6 56. Rh5 Rd2 57. Ke3 Rc2 58. Rxh4 Kg5 59. Rg4+ Kf6 60.
Rf4+ Ke7 61. Bd3 Rc5 62. Kd4 Ra5 63. Rh4 f6 64. Rh7+ Kd6 65. Rf7 c5+ 66. Ke3
Ke5 67. Re7+ Kd6 68. Re8 Ra3 69. Kd2 Ra2+ 70. Kc3 Ra3+ 71. Kc2 Ra4 72. Kb3 Ra1
73. Rd8+ Ke6 74. Rd5 Ra5 75. Kc4 Ra1 76. Kxc5 Ra5+ 77. Kd4 Ra4+ 78. Ke3 Rb4 79.
Ra5 Rb2 80. Bc4+ Kd6 81. Ra6+ Ke7 82. Re6+ 1-0

[Event "FBL 1"]
[Site "Deutschland"]
[Date "2012.10.06"]
[Round "1.5"]
[White "Steinbacher, Claudia"]
[Black "Lehmann, Christina"]
[Result "1/2-1/2"]
[WhiteElo "2134"]
[BlackElo "2078"]
[PlyCount "112"]
[EventDate "2012.10.06"]
[WhiteTeam "Rodewischer Schachmiezen"]
[BlackTeam "SK Grosslehna"]
[WhiteTeamCountry "GER"]
[BlackTeamCountry "GER"]

1. d4 c5 2. d5 e5 3. c4 d6 4. Nc3 Ne7 5. e4 Ng6 6. f3 Be7 7. Be3 Bg5 8. Bf2 Na6
9. g3 O-O 10. h4 Bh6 11. g4 f6 12. Nge2 Nf4 13. Nxf4 Bxf4 14. Bd3 Bd7 15. a3
Rb8 16. Qe2 Nc7 17. b4 b6 18. Be3 Bxe3 19. Qxe3 Qe7 20. b5 g6 21. Kd2 Kh8 22.
Rag1 Rg8 23. Ne2 a6 24. a4 axb5 25. axb5 Ra8 26. Ra1 Rxa1 27. Rxa1 Ra8 28.
Rxa8+ Nxa8 29. Qg1 Qd8 30. Qa1 Qb8 31. g5 fxg5 32. hxg5 Kg8 33. Ke3 Nc7 34. f4
Ne8 35. f5 Ng7 36. Ng3 Nh5 37. Nxh5 gxh5 38. Be2 Be8 39. Kf2 Qd8 40. f6 Qb8 41.
Kg3 Bg6 42. Bf3 h6 43. Kh4 Kh7 44. Qg1 Qe8 45. gxh6 Qf8 46. Qg5 Qxh6 47. Bg2
Qxg5+ 48. Kxg5 Bf7 49. Bh3 Bg6 50. Bf5 Bxf5 51. Kxf5 h4 52. Kg4 Kg6 53. Kxh4
Kxf6 54. Kh5 Kf7 55. Kg5 Kg7 56. Kf5 Kf7 1/2-1/2

[Event "FBL 1"]
[Site "Deutschland"]
[Date "2012.10.06"]
[Round "1.6"]
[White "Nagel, Verena"]
[Black "Kubikova, Alena"]
[Result "1-0"]
[WhiteElo "2007"]
[BlackElo "2095"]
[PlyCount "103"]
[EventDate "2012.10.06"]
[WhiteTeam "SK Grosslehna"]
[BlackTeam "Rodewischer Schachmiezen"]
[WhiteTeamCountry "GER"]
[BlackTeamCountry "GER"]

1. d4 Nf6 2. Nf3 c5 3. dxc5 Na6 4. e3 Nxc5 5. Nc3 g6 6. Bc4 Bg7 7. O-O O-O 8.
Rb1 d6 9. Re1 Nfe4 10. Ne2 Qc7 11. Ng3 Bg4 12. c3 Nxg3 13. hxg3 a6 14. a3 b5
15. Ba2 Bf5 16. Ra1 Be6 17. Bxe6 Nxe6 18. e4 Nc5 19. Re2 Rac8 20. Rb1 Na4 21.
Nd4 Nb6 22. Kh1 Qc4 23. f3 Nd7 24. Be3 Ne5 25. Rd2 Qc7 26. Rf2 Nc4 27. Qe2 Nxe3
28. Qxe3 Qc4 29. Rd1 Qc5 30. Re2 Rc7 31. g4 Rd8 32. Nc2 Qxe3 33. Nxe3 e6 34. f4
Rc5 35. g3 g5 36. Red2 Rc6 37. Kg2 Bh6 38. Kf3 f6 39. f5 exf5 40. exf5 Bf8 41.
Nd5 Kf7 42. Re2 Rd7 43. Re6 Bg7 44. Nb4 Rb6 45. Rde1 a5 46. Nd5 Rbb7 47. Re8 b4
48. axb4 axb4 49. Nxb4 d5 50. Nc6 Rxb2 51. Nd8+ Rxd8 52. R1e7# 1-0

[Event "FBL 1"]
[Site "Deutschland"]
[Date "2012.10.06"]
[Round "1.2"]
[White "Matnadze, Ana"]
[Black "Paehtz, Elisabeth"]
[Result "1/2-1/2"]
[WhiteElo "2418"]
[BlackElo "2483"]
[PlyCount "52"]
[EventDate "2012.10.06"]
[WhiteTeam "USV Volksbank Halle"]
[BlackTeam "SC Bad Koenigshofen 1957"]
[WhiteTeamCountry "GER"]
[BlackTeamCountry "GER"]

1. d4 d5 2. g3 Nf6 3. Bg2 c6 4. Nf3 Bf5 5. O-O e6 6. c4 Be7 7. Nbd2 Nbd7 8. b3
h6 9. Bb2 O-O 10. Ne5 a5 11. a3 Bh7 12. Ndf3 Nxe5 13. Nxe5 Nd7 14. Nxd7 Qxd7
15. Re1 Bf6 16. Qd2 Rfd8 17. Rad1 a4 18. cxd5 cxd5 19. b4 Rac8 20. Rc1 Rxc1 21.
Rxc1 Rc8 22. e3 Rxc1+ 23. Bxc1 Qc6 24. Bf1 Be7 25. Be2 Bc2 26. Bb2 Bb3 1/2-1/2